书目信息 |
| 题名: |
汽车实用英语
|
|
| 作者: | 陈莉燕 , 严丽 , 曹佳丽 主编 | |
| 分册: | ||
| 出版信息: | 北京 航空工业出版社 2021.2 |
|
| 页数: | 212页 | |
| 开本: | 29cm | |
| 丛书名: | ||
| 单 册: | ||
| 中图分类: | U46 | |
| 科图分类: | ||
| 主题词: | 汽车工程--英语--教材 | |
| 电子资源: | ||
| ISBN: | 978-7-5165-1674-4 | |
| 000 | 01067nam0 2200313 45 | |
| 001 | 012001002296 | |
| 005 | 20211013162620.22 | |
| 010 | @a978-7-5165-1674-4@dCNY49.80 | |
| 100 | @a20190724d2018 em y0chiy50 ea | |
| 101 | 0 | @achi@aeng |
| 102 | @aCN@b110000 | |
| 105 | @aa z 000yy | |
| 106 | @ar | |
| 200 | 1 | @a汽车实用英语@Aqi che shi yong ying yu@b专著@f陈莉燕,严丽,曹佳丽主编 |
| 205 | @a2版 | |
| 210 | @a北京@c航空工业出版社@d2021.2 | |
| 215 | @a212页@c图@d29cm | |
| 300 | @a汽车专业精品教材“互联网+”立体化教材 含微课 | |
| 300 | @a并列题名:Practical automobile English | |
| 312 | @a封面英文题名:Practical automobile English | |
| 330 | @a本书选取的专业英语学习材料涉及汽车构造、维修、销售与售后服务等方面的基础知识,以及汽车的发展现状和未来趋势。 | |
| 510 | 1 | @aPractical automobile English@zeng |
| 606 | 0 | @a汽车工程@x英语@j教材 |
| 690 | @aU46@v5 | |
| 701 | 0 | @a陈莉燕@Achen li yan@4主编 |
| 701 | 0 | @a严丽@Ayan li@4主编 |
| 701 | 0 | @a曹佳丽@Acao jia li@4主编 |
| 801 | 0 | @aCN@bBJSDL@c20211011 |
| 905 | @b1339175-8@dU46@e1082=2@f4 | |
| 汽车实用英语/陈莉燕,严丽,曹佳丽主编.-2版.-北京:航空工业出版社,2021.2 |
| 212页:图;29cm |
| 汽车专业精品教材“互联网+”立体化教材 含微课.-并列题名:Practical automobile English |
| ISBN 978-7-5165-1674-4:CNY49.80 |
| 本书选取的专业英语学习材料涉及汽车构造、维修、销售与售后服务等方面的基础知识,以及汽车的发展现状和未来趋势。 |
| ● |
| 相关链接 |
|
|
|
|
正题名:汽车实用英语
索取号:U46/1082=2
 
预约/预借
| 序号 | 登录号 | 条形码 | 馆藏地/架位号 | 状态 | 备注 |
| 1 | 1339175 | 213391756 | 第二样本阅览室/ [索取号:U46/1082=2] | 在馆 | |
| 2 | 1339176 | 213391765 | 第三借阅区/ [索取号:U46/1082=2] | 在馆 | |
| 3 | 1339177 | 213391774 | 第三借阅区/ [索取号:U46/1082=2] | 在馆 | |
| 4 | 1339178 | 213391783 | 第三借阅区/ [索取号:U46/1082=2] | 在馆 |